000 01020cam a2200253 i 4500
003 SA-RiAUC
005 20251029140330.0
008 251025s1996 su g 000r0 ara c
020 _a9960795209
040 _aSA-RiAUC
_bara
_cSA-RiAUC
_erda
082 0 4 _a219.1
090 _a219.1
_bظ ا هـ
100 1 _aالظاهري، أبو عبد الرحمن بن عقيل،
_d1357 هجري-
_eمؤلف.
245 1 2 _aالمرأة وذئاب تخنق ولا تأكل /
_cتأليف محمد بن عمر بن عبد الرحمن بن عبد الله العقيل.
250 _aالطبعة الثالثة، مزيدة ومنقحة.
264 1 _aالرياض :
_bدار ابن حزم للنشر والتوزيع،
_c[1996]
300 _a61 صفحة ؛
_c16سم
336 _aنص
_btxt
_2rdacontent
_3كتاب
337 _aبدون وسيط
_bn
_2rdamedia
338 _aمجلد
_bnc
_2rdacarrier
650 7 _aالمرأة المسلمة
_2aucsh
942 _2ddc
_cBOOK
_n0
949 _aSA-JeALM
_d251025
_umohamedma123
_n1
999 _c12805
_d12805